| 000 | 01023nam a2200337 a 4500 | ||
|---|---|---|---|
| 001 | 52410 | ||
| 003 | BD-RjUL | ||
| 005 | 20211209075812.0 | ||
| 008 | 190219s1956 pk x f0 0eng c | ||
| 035 | _a(OCoLC)ocm02251519 | ||
| 035 | _a(BD-RjUL)52530 | ||
| 040 |
_aMnMULS _beng _cMnMULS _dNST _dDLC _dOCoLC _dNST _dOCoLC _dBD-RjUL |
||
| 041 | _aeng | ||
| 042 | _apcc | ||
| 043 | _aa-pk--- | ||
| 082 |
_223 _a555.49 _bHAM 1956 |
||
| 100 |
_aHaque, A. F. M. Mohsenul _9228399 |
||
| 245 | 0 | 0 |
_aMemoirs of the Geological Survey of Pakistan / _cA. F. M. Mohsenul Haque. |
| 260 |
_aQuetta : _bThe Survey, _c1956- |
||
| 300 |
_av. : _bill. ; _c28 cm. |
||
| 500 | _aTitle from cover. | ||
| 500 | _aPlace of publication varies. | ||
| 505 | 0 | 1 | _avol. 1-- |
| 650 | 0 |
_aGeology _zPakistan. _9228400 |
|
| 650 | 0 |
_aGeology, Stratigraphic. _9228401 |
|
| 710 | 2 |
_aGeological Survey of Pakistan. _9228402 |
|
| 942 |
_2ddc _cBK |
||
| 999 |
_c52410 _d52410 |
||